000 nam a22 7a 4500
999 _c8477
_d8477
008 180117b ||||| |||| 00| 0 eng d
100 _aAggarwal.K.etal.
_94873
245 _aSelf Learning English
260 _aNew Delhi
_bS. Chand
_c2009